15 najludniejszych państw Europy - Statystyki

Ogólne statystyki
  • Ten quiz został rozwiązany 162 razy
  • Średni wynik to 14 z 15
Statystyki odpowiedzi
Ludność Państwo % Poprawnych
83 800 000 Niemcy
100%
37 800 000 Polska
100%
46 800 000 Hiszpania
99%
145 900 000 Rosja
99%
67 900 000 Wielka brytania
99%
60 500 000 Włochy
98%
65 300 000 Francja
97%
43 700 000 Ukraina
96%
10 300 000 Portugalia
91%
10 700 000 Grecja
90%
19 200 000 Rumunia
90%
10 400 000 Szwecja
87%
10 700 000 Czechy
84%
11 600 000 Belgia
80%
17 100 000 Holandia
80%
Nie znaleziono quizów pasujących do podanych kryteriów
Rozkład punktacji
Procent ludzi z każdym wynikiem
Percentyl według liczby udzielonych odpowiedzi
Twoja historia wyników
Nie rozwiązałeś tego quizu